Blending technologies in second language classrooms

Gespeichert in:
Bibliographische Detailangaben
1. Verfasser: Gruba, Paul
Weitere Verfasser: Hinkelman, Don
Format: Buch
Sprache:Englisch
Veröffentlicht: Basingstoke Palgrave Macmillan 2012
Schlagworte:
Tags: Tag hinzufügen
Keine Tags, Fügen Sie das erste Tag hinzu!

MARC

LEADER 00000nam a2200000 4500
001 0193619
005 20240313132745.1
020 |a 978-0-230-23261-7 
041 0 |a eng 
044 |a GB 
245 1 0 |a Blending technologies in second language classrooms  |c Paul Gruba and Don Hinkelman 
264 1 |a Basingstoke  |b Palgrave Macmillan  |c 2012 
300 |a 181 s. 
610 2 0 |a vyučovanie 
610 2 0 |a vzdelávanie 
610 2 0 |a pedagogika 
610 2 0 |a jazykoveda 
610 2 0 |a jazyky cudzie 
610 2 0 |a využitie počítačov 
610 2 0 |a technológie informačné 
610 2 0 |a siete počítačové 
610 2 0 |a výskum 
100 1 |a Gruba, Paul 
700 1 |a Hinkelman, Don